Incentivos para la reconversión de la ganadería con criterios de biodiversidad en la cuenca alta del río Campoalegre (Registro nro. 6356)
[ vista simple ]
| 000 -CABECERA | |
|---|---|
| Campo de control | 01804nam a2200265 a 4500 |
| 005 - FECHA Y HORA DE LA ULTIMA TRANSACCION | |
| Campo de control | 20180803165349.0 |
| 008 - ELEMENTOS DE LONGITUD FIJA—INFORMACION GENERAL | |
| Campo de control | 140128b2007 ck ||||| |||| 00| 0 spa d |
| 041 ## - IDIOMA | |
| Código de idioma para texto/pista de sonido o título separado | Español |
| 044 ## - PAÍS DE PUBLICACIÓN | |
| País de publicación | Colombia |
| 090 ## - CLASIFICACIÓN LOCAL | |
| Colección | IAVH |
| Consecutivo | 00881 |
| 100 ## - ASIENTO PRINCIPAL--NOMBRE PERSONAL | |
| Nombre personal | Fernandez Muñoz, María Adelaida |
| 245 ## - MENCION DE TITULO | |
| Título | Incentivos para la reconversión de la ganadería con criterios de biodiversidad en la cuenca alta del río Campoalegre |
| 260 ## - PUBLICACION, DISTRIBUCION, ETC. (PIE DE IMPRENTA) | |
| Lugar de publicación, distribución, etc. | Bogotá |
| Nombre del editor, distribuidor, etc. | Instituto Alexander von Humboldt |
| -- | CARDER |
| -- | UAESPNN |
| Fecha de publicación, distribución, etc. | 2007 |
| 300 ## - DESCRIPCION FISICA | |
| Extensión | 150 p. |
| 520 ## - NOTA DE RESUMEN, ETC. | |
| Nota de resumen | Los resultados finales del diseño de incentivos para la reconversión ganadera sostenible en el PMN Campoalegre. Se divide en tres partes: la primera hace una introducción de los efectos de la ganadería sobre el medio ambiente, presenta un panorama en particular del cambio en los usos del suelo en el país, expone los principales impactos de la ganadería y su posible solución gracias a los sistemas silvopastoriles. Finalmente presenta un análisis macroeconó-mico donde se estudia la política sectorial agropecuaria para definir los impactos e identificar posibles incentivos perversos. La segunda parte hace una caracterización de la zona de estudio, así como en una descripción biofísica y social de la zona. Finalmente la tercera parte presenta los incentivos para la reconversión ganadera, las herramientas de manejo propuestas y luego los incentivos diseñados y las posibles fuentes para su financiación |
| 650 ## - ASIENTO SECUNDARIO DE MATERIA - TERMINO TEMATICO | |
| Término temático o nombre geográfico como elemento de entrada | Incentivos |
| 650 ## - ASIENTO SECUNDARIO DE MATERIA - TERMINO TEMATICO | |
| Término temático o nombre geográfico como elemento de entrada | Reconversión ganadera |
| 650 ## - ASIENTO SECUNDARIO DE MATERIA - TERMINO TEMATICO | |
| Término temático o nombre geográfico como elemento de entrada | Sistema silvopastoril |
| 650 ## - ASIENTO SECUNDARIO DE MATERIA - TERMINO TEMATICO | |
| Término temático o nombre geográfico como elemento de entrada | Análisis macroeconómico |
| 650 ## - ASIENTO SECUNDARIO DE MATERIA - TERMINO TEMATICO | |
| Término temático o nombre geográfico como elemento de entrada | Incentivos perversos |
| 650 ## - ASIENTO SECUNDARIO DE MATERIA - TERMINO TEMATICO | |
| Término temático o nombre geográfico como elemento de entrada | Caracterización biofísica |
| 700 ## - ASIENTO SECUNDARIO - NOMBRE PERSONAL | |
| Nombre personal | Ramírez, Diana Patricia |
| 942 ## - ELEMENTOS ADICIONALES (KOHA) | |
| Tipo de ítem | CD-ROM |
| Sistema de clasificación | Local |
| 945 ## - PROCESAMIENTO LOCAL | |
| AAAA-MM-DD - Fecha de ingreso o modificacion | 2008-06-27 |
| Withdrawn status | Lost status | Sistema de Clasificación | Damaged status | No para préstamo | Colección | Inventariado | Ubicación Permanente | Ubicación actual | Fecha de adquisición | Total Checkouts | Número topográfico | Inventario / Código de Barras | Date last seen | Ejemplar | Price effective from | Forma de adquisición | Tipo de material |
|---|---|---|---|---|---|---|---|---|---|---|---|---|---|---|---|---|---|
| Local | Humboldt | Inventariado 2017 | Bogotá | Bogotá | 27/06/2008 | IAVH-00881 | 025933 | 04/12/2012 | Ej. 1 | 04/12/2012 | Informe Técnico |